Paroles Une belle histoire - Michel Fugain - Statistiques

Statistiques générales
  • Ce quiz a été pris 2 503 fois
  • Le résultat moyen est 177 sur 221
Statistiques - réponses
Réponse % Correct
un
100%
belle
99%
C'est
99%
c'est
99%
histoire
99%
une
99%
beau
98%
le
98%
roman
98%
la
97%
romance
97%
d'aujourd'hui
96%
de
96%
il
96%
à
95%
des
95%
midi
93%
dans
92%
elle
92%
se
92%
ils
91%
sont
90%
au
89%
du
88%
brouillard
87%
chemin
87%
descendait
86%
sur
86%
jour
85%
là-haut
85%
vacances
85%
vers
85%
bord
84%
chance
83%
c'était
81%
l'autoroute
81%
trouvés
78%
lui
76%
sans
75%
chez
74%
providence
73%
doute
72%
main
72%
qui
72%
rentra
72%
rentrait
70%
blé
68%
champ
68%
lendemain
68%
grand
66%
leur
66%
en
64%
cadeau
63%
ciel
61%
penser
61%
avaient
60%
comme
60%
portée
60%
par
58%
leurs
57%
que
56%
enfants
52%
alors
50%
vies
50%
commençaient
48%
encore
48%
n'étaient
47%
quittés
47%
porter
46%
pourquoi
46%
racontés
46%
les
43%
laissant
42%
signe
42%
mains
41%
s'étaient
41%
on
39%
creux
38%
fini
35%
matin
35%
est
34%
cachés
33%
faisant
33%
là-bas
30%
courants
28%
chacun
27%
reprirent
26%
cueille
23%
descendue
22%
cueillirent
18%
saluèrent
16%
refusant
14%
Aucun quiz correspondant
Distribution des résultats
% des personnes avec chaque résultat
Percentile par nombre de réponses
Votre historique - résultats
Vous n’avez pas pris ce quiz